000 00652nam a2200253Ia 4500
005 20260121161109.0
008 008 260114s9999 xx 000 0 eng d
020 _a9780429307874
037 _aEBOOK
040 _aCRL
040 _beng
040 _cCRL
041 _2eng
041 _aeng
084 _qCRL
100 _a R Alison Lewis; Robert C Oberst; Subrata Mitra; R. Alison Lewis
_91040153
245 0 _aSubnational Movements In South Asia
260 _bTaylor and Francis
260 _c1996
856 _uhttp://www.taylorfrancis.com/books/9780429307874
942 _cEBOOK
999 _c1606969
_d1606969